000 00712nam a2200241 a 4500
001 000026425
005 20250909115816.0
008 110317s1998 dr 000 0 spa d
020 _a1574680463
040 _aDO-SdBNP
_bspa
_cBNPHU
082 _a320.51
_bM519L
100 1 _aMeléndez, Darío
_953469
245 1 0 _aLiberalismo /
_cDarío Meléndez.
260 _aSanto Domingo :
_bCentenario,
_c1998.
300 _a587 p. ;
_c21 cm.
504 _aBibliografía: p. 584-587
590 _aInventariado,2018/DG
650 0 _aLiberalismo
_95271
650 0 _aEconomía política
_95976
650 0 _aCambio social
_91661
650 4 _aCambio político
_953470
910 _aValidado. Control de calidad MMOLINA
999 _c25917
_d25917